| 000 | 00422cam a2200169 4500 | ||
|---|---|---|---|
| 001 | D12333 | ||
| 008 | 090401t1955 xxu||||| |||| 00| 0 eng d | ||
| 035 | _a(Sirsi) u2691 | ||
| 041 | _aeng | ||
| 110 |
_aCanada Geodetic Survey _95253 |
||
| 245 | _aGeodetic application of Shoran | ||
| 260 |
_aOttawa _bDept of Mines & Technical Surveys _c1955 |
||
| 350 | _a0 | ||
| 520 | _aShelf 177 | ||
| 942 | _n0 | ||
| 948 | _c04/03/1997 | ||
| 999 |
_c85801 _d85801 |
||